Detalles MARC
| 000 -LIDER |
| fixed length control field |
01025nam a22002897a 4500 |
| 003 - IDENTIFICACDOR DE NÚMERO DE CONTROL |
| control field |
DO-SdBPM |
| 005 - DATE AND TIME OF LATEST TRANSACTION |
| control field |
20250114092323.0 |
| 008 - ELEMENTOS DE LONGITUD FIJA |
| fixed length control field |
171109b 2005 sp 00| 0 spa d |
| 020 ## - ISBN |
| International Standard Book Number |
9788495349200 |
| 040 ## - FUENTE DE CATALOGACIÓN |
| Agencia que crea de manera original el registro |
DO-SdBPM |
| Idioma de catalogación |
spa |
| Agencia que realiza la transcripción |
BPMSU |
| 082 #4 - NÚMERO DE CLASIFICACIÓN DECIMAL DE DEWEY |
| Classification number |
863.3 |
| Item number |
C419i 2005 |
| Edition number |
22 |
| 100 1# - ASIENTO PRINCIPAL -- NOMBRE PERSONAL |
| Nombre personal |
Cervantes Saavedra, Miguel de, |
| Fechas asociadas con el nombre |
1547-1616. |
| 9 (RLIN) |
35 |
| 245 13 - MENCIÓN DE TITULO |
| Título |
El ingenioso hidalgo Don Quijote de la Mancha / |
| Mención de responsabilidad |
Miguel de Cervantes Saavedra |
| Subtítulo |
|
| 246 14 - VARIACION DEL TÍTULO |
| Título propiamente dicho o título corto |
Obras completas de Miguel de Cervantes. |
| 260 ## - PUBLICACIÓN, DISTRIBUCIÓN, ETC. (PIE DE IMPRENTA) |
| Lugar de publicación, distribución, etc |
Zaragoza, España : |
| Nombre del editor, distribuidor, etc. |
Aneto Publicaciones, |
| Fecha de publicación, distribución, etc |
2005. |
| 300 ## - DESCRIPCIÓN FÍSICA |
| Extensión |
v. ; |
| Dimensiones |
18 cm. |
| 500 ## - NOTA GENERAL |
| Nota general |
Edición conmemorativa del IV Centenario de don Quijote de la Mancha |
| 590 ## - NOTA LOCAL |
| Enlace |
Inventariado, 2023/VM |
| 600 14 - ENCABEZAMIENTO DE MATERIA--NOMBRE PERSONAL |
| Nombre personal |
Cervantes Saavedra, Miguel de, |
| Fechas asociadas con el nombre |
1547-1616. |
| 9 (RLIN) |
35 |
| 650 #4 - ENCABEZAMIENTO DE MATERIA--TEMÁTICO |
| Término temático o nombre geográfico como elemento de entrada |
Novela española |
| 650 #4 - ENCABEZAMIENTO DE MATERIA--TEMÁTICO |
| Término temático o nombre geográfico como elemento de entrada |
Poesía española. |
| 650 #4 - ENCABEZAMIENTO DE MATERIA--TEMÁTICO |
| Término temático o nombre geográfico como elemento de entrada |
Cuentos de aventuras. |
| 650 #4 - ENCABEZAMIENTO DE MATERIA--TEMÁTICO |
| Término temático o nombre geográfico como elemento de entrada |
Caballeros y caballería |
| Subdivisión de forma |
Novela. |
| 650 #4 - ENCABEZAMIENTO DE MATERIA--TEMÁTICO |
| Término temático o nombre geográfico como elemento de entrada |
Literatura española |
| 910 ## - VALIDACIÓN |
| Validación |
VMateo V. Control de calidad. BPMSU |
| 942 ## - ADDED ENTRY ELEMENTS (KOHA) |
| Source of classification or shelving scheme |
Dewey Decimal Classification |
| Koha item type |
Libros |